| 000 | 00496nam a2200169Ia 4500 | ||
|---|---|---|---|
| 999 |
_c907 _d907 |
||
| 003 | OSt | ||
| 005 | 20200915103852.0 | ||
| 008 | 190216s9999||||xx |||||||||||||| ||und|| | ||
| 040 | _coclc | ||
| 082 |
_a492.7 _bABO/C |
||
| 100 |
_aAboobacker, C _94581 |
||
| 245 | 0 |
_aClassified Vocabulary: _bEnglish - Malayalam - Arabic / _cC Aboobacker |
|
| 260 |
_bAl Huda Book Stall, _aCalicut: _c2002. |
||
| 300 | _a174p | ||
| 650 | _aArabic | ||
| 942 |
_cBK _2ddc _h492.7 _iABO/C _k492.7 _mABO/C |
||